Manažment zmien - cesta k rastu konkurencieschopnosti
Gespeichert in:
| 1. Verfasser: | |
|---|---|
| Format: | Buch |
| Sprache: | Slowakisch |
| Veröffentlicht: |
Bratislava :
Eurounion,
2005
|
| Schlagworte: | |
| Online-Zugang: | OBSAH |
| Tags: |
Keine Tags, Fügen Sie das erste Tag hinzu!
|
MARC
| LEADER | 00000nam a22000003a 4500 | ||
|---|---|---|---|
| 001 | stu94213 | ||
| 005 | 20150617225611.4 | ||
| 008 | 050602s2005----xo------------------slo-d | ||
| 020 | |a 80-88984-66-1 | ||
| 040 | |a STU |b slo | ||
| 041 | 0 | |a slo | |
| 044 | |a xo | ||
| 080 | |a 65.012 | ||
| 100 | 1 | |a Borovský, Juraj |4 aut | |
| 245 | 1 | |a Manažment zmien - cesta k rastu konkurencieschopnosti | |
| 260 | |a Bratislava : |b Eurounion, |c 2005 | ||
| 300 | |a 142 s | ||
| 650 | 7 | |a konkurencieschopnosť |2 stusub | |
| 650 | 7 | |a procesný manažment |2 stusub | |
| 856 | 4 | |a https://sweb.mtf.stuba.sk/obsahy/manazment_zmien_cesta_k_rastu_konkurencieschopnosti_05.pdf |u https://sweb.mtf.stuba.sk/obsahy/manazment_zmien_cesta_k_rastu_konkurencieschopnosti_05.pdf |3 OBSAH | |
| 996 | |b 284M051917 |c M*11668-1 |l MMKN |s A |a 24 |w stu94213_0001 | ||
| 996 | |b 284M051918 |c M*11668-2 |l MMST |s A |a 24 |w stu94213_0002 | ||
| 996 | |b 284M051919 |c M*11668-3 |l MMST |s A |a 24 |w stu94213_0003 | ||